[Event "Catalunya-chB"]
[Site "Spain"]
[Date "1996.10.13"]
[Round "2"]
[White "Paez Jerez, Alexandre"]
[Black "Sole Benegues, Jordi"]
[Result "1/2-1/2"]
[WhiteElo "1925"]
[BlackElo "1770"]
[PlyCount "70"]
[EventDate "1997.??.??"]
[EventType "swiss"]
[EventRounds "8"]
[EventCountry "ESP"]
[SourceTitle "EXT 2003"]
[Source "ChessBase"]
[SourceDate "2002.11.25"]
[SourceVersion "1"]
[SourceVersionDate "2002.11.25"]
[SourceQuality "1"]

1. e4 g6 2. d4 Bg7 3. Nf3 d6 4. Nc3 Bg4 5. Bc4 Nf6 6. h3 Bxf3 7. Qxf3 0-0 8. g4 Nc6 9. Be3 a6 10. 0-0-0 Rb8 11. h4 Qc8 12. Rdg1 b5 13. Bd3 b4 14. Ne2 a5 15. e5 dxe5 16. Qxc6 Nxg4 17. h5 Rb6 18. Qf3 Nxe3 19. fxe3 exd4 20. Nxd4 c5 21. Ne2 c4 22. Be4 a4 23. Nd4 c3 24. b3 axb3 25. axb3 Qa6 26. Kd1 Rf6 27. Qg2 e5 28. Nf5 Rd8+ 29. Bd5 Rxf5 30. hxg6 hxg6 31. e4 Rf4 32. Ke1 Qa1+ 33. Ke2 Qa6+ 34. Ke1 Qa1+ 35. Ke2 Qa6+ 1/2-1/2